Traduction du français au corse : les couleurs - Statistiques

Statistiques générales
  • Ce quiz a été pris 47 fois
  • Le résultat moyen est 6 sur 13
Statistiques - réponses
Couleurs Culori % Correct
BLANC Biancu
82%
VERT Verde
79%
NOIR Neru
74%
ROUGE Rossu
68%
BLEU Turchinu
68%
ROSE Rosa
53%
GRIS Grisgiu
47%
ORANGE Aranciu
44%
JAUNE Ghjallu
44%
MARRON Marrone
38%
VIOLET Viulettu
26%
TURQUOISE Turchese
12%
BEIGE Bìsgiu
9%
Aucun quiz correspondant
Distribution des résultats
% des personnes avec chaque résultat
Percentile par nombre de réponses
Votre historique - résultats
Vous n’avez pas pris ce quiz